European Economic Review

Uložené v:
Podrobná bibliografia
Médium: Seriál
Jazyk:English
Vydavateľské údaje: Amsterdam Elsevier Science 2018
Tagy: Pridať tag
Žiadne tagy, Buďte prvý, kto otaguje tento záznam!

MARC

LEADER 00000nas2a2200000 4500
001 0248497
005 20230130082943.7
022 |a 0014-2921 
041 0 |a eng 
044 |a NL 
245 1 0 |a European Economic Review 
264 1 |a Amsterdam  |b Elsevier Science  |c 2018 
773 0 |w eu_un_cat*s120677 
774 0 |w eu_un_cat*0290607